KOHA-Header-6

Renaissance and Reformation of Islamic Society (Record no. 1259)

000 -LEADER
fixed length control field 00324nam a2200121Ia 4500
008 - FIXED-LENGTH DATA ELEMENTS--GENERAL INFORMATION
fixed length control field 190723s9999 xx 000 0 und d
020 ## - INTERNATIONAL STANDARD BOOK NUMBER
International Standard Book Number 978-969-407-408-5
100 ## - MAIN ENTRY--PERSONAL NAME
Personal name Wajih-uddin Siddiqui
245 #0 - TITLE STATEMENT
Title Renaissance and Reformation of Islamic Society
260 ## - PUBLICATION, DISTRIBUTION, ETC. (IMPRINT)
Place of publication, distribution, etc Karachi
Name of publisher, distributor, etc Royal Book
Date of publication, distribution, etc 2013
300 ## - PHYSICAL DESCRIPTION
Extent 231
942 ## - ADDED ENTRY ELEMENTS (KOHA)
Koha item type Books
Holdings
Withdrawn status Lost status Source of classification or shelving scheme Damaged status Not for loan Collection code Permanent Location Current Location Shelving location Date acquired Total Checkouts Full call number Barcode Date last seen Date checked out Price effective from Koha item type
          Islamic Studies MAJU MAJU   2019-07-23 1 954.05 7884 2023-03-21 2023-03-17 2019-07-23 Islamic Studies

Powered by Koha